00695nam a2200229 a 4500001001300000003000900013005001700022008004100039020001000080082001800090100001800108245006500126260002700191300000900218500003500227650002000262650002000282902000800302942000700310952013100317999001700448nice12345678IN_TiNIC20260116013856.0070404s2000 dela grp 000 0 eng  ac54500a306.0954bAHM aAhmad, Imtiaz aPluralism and Equality Values in Indian Society and Politics aDelhibSage Pub c2000 a378p aincludes index and biblioraphy aPluralism-India aSociology-India bSRS cBK 001040708StackRoom-aHMIbHMId2007-04-04g545.00l2o306.0954 AHMp019833r2022-02-10s2022-01-17v545.00w2007-04-04yBK c12915d12915